Russkije

Bibliographic Details
Main Author: Matejko, Ľubor, 1964- (Author)
Format: Article
Language:Slovak
ISSN:0018-2575
Subjects:

MARC

LEADER 00000nab a2200000 a 4500
001 vtls000752124
003 SK-MaSNL
005 20260304142501.0
008 250505c2000 xo 0 slo
015 |a SNBRB2001/03-09759 
035 |a CLN000103914 
035 |a (urnnbn)urn:nbn:sk:snk:ar-004rnk 
035 |a (uuid)7860173c-730d-4035-8dc7-ab9fa5573e4e 
035 |a urn:nbn:sk:snk-ab7wjq 
040 |a SNKBUCL  |b slo  |c SNKBUCL  |e AACR2 
041 0 |a slo 
044 |a xo  |c SK 
080 |a 947.0(048)  |2 1997 
080 |a 936.7(=82)(048)  |2 1997 
100 1 |a Matejko, Ľubor,  |d 1964-  |4 aut  |9 217338 
245 1 0 |a Russkije  |c Ľ. Matejko 
650 0 7 |a Rusi  |x etnogenéza  |x publikácie  |x recenzie  |2 snkbucl  |9 1462185 
655 7 |a články z novín a časopisov  |2 snkbucl  |9 267496 
773 0 |t Historický časopis  |g Roč. 48, č. 3 (2000), s. 564-565  |x 0018-2575 
787 0 8 |i Rec.:  |a Aleksandrov, V.A.  |t Russkije  |d Moskva : Nauka, 1999 
850 |a Slovenská národná knižnica 
852 |a Slovenská národná knižnica 
954 |a odborná, vedecká literatúra pôvodná (slovenská)  |2 lita 
958 |a article9 
958 |a OND 
958 |a RC 
958 |a RU 
958 |a EUIPO 
992 |a RBX 
999 |c 2921613  |d 2923543